000 00513nam a2200217Ia 4500
003 0100
008 130303s9999 xx 000 0 und d
020 _a0393327655
040 _cARRUPELIB
050 _aBL2775.3.H37 2004
100 _aHarris, Sam
245 4 _aThe end of faith
245 _breligion, terror, and the future of reason
260 _aNew York
260 _bW.W. Norton
260 _C2004
300 _a299p.
300 _b 23 cm
650 _bPhilosophy, African
942 _2lcc
_01
999 _c60811
_d60811